Alternativas /

Compilación de diversos textos escritos en diferentes ocasiones por Ivan Illich, religioso e intelectual austríaco y participante activo del Centro Intercultural de Documentación de Cuernavaca, en que se refiere a temas y problemáticas de la sociedad contemporánea tales como: la pobreza, la desigual...

Descripció completa

Guardat en:
Dades bibliogràfiques
Autor principal: Illich, Iván (autor)
Altres autors: Fromm, Erich (introducción) (introducción)
Format: Llibre
Idioma:espanyol
Publicat: México : Joaquín Mortiz, 1977, c1977
Edició:2a edición
Col·lecció:(Cuadernos de Joaquín Mortiz ; 31, 32)
Matèries:
Etiquetes: Afegir etiqueta
Sense etiquetes, Sigues el primer a etiquetar aquest registre!

MARC

LEADER 00000nam^a2200000^a^4500
001 000182887
005 20250521000000.0
009 20260310102021.008
037 |a Acervo ITESO - Biblioteca 
041 |a ESP 
082 |a 261. 1  |b ILL 
100 |a Illich, Iván  |e (autor) 
245 1 0 |a Alternativas /  |c I. Illich ; introd. de E. Fromm ; tr. por Ernesto Mayans... [et al.]. 
250 |a 2a edición 
264 4 |a México :  |b Joaquín Mortiz,  |c 1977, c1977 
300 |a 185 p. 
336 |a texto  |b txt  |2 rdacontenido 
337 |a sin mediación  |b n  |2 rdamedio 
338 |a volumen  |b nc  |2 rdasoporte 
440 1 |a (Cuadernos de Joaquín Mortiz ;  |v 31, 32) 
520 |a Compilación de diversos textos escritos en diferentes ocasiones por Ivan Illich, religioso e intelectual austríaco y participante activo del Centro Intercultural de Documentación de Cuernavaca, en que se refiere a temas y problemáticas de la sociedad contemporánea tales como: la pobreza, la desigualdad económica, la educación y los cambios necesarios al interior de la Iglesia Católica, el crecimiento poblacional, la salud y la energía, entre otros. 
610 |a Banco Mundial 
649 |a XX 
650 |a Pobreza 
650 |a Hambre 
650 |a Distribución Económica 
650 |a Igualdad y Desigualdad 
650 |a Justicia e Injusticia 
650 |a Valor (Economía) 
650 |a Plusvalía 
650 |a Fuerza y Energía 
650 |a Industrialización 
650 |a Control Natal 
650 |a Demografía 
650 |a Política Demográfica 
650 |a Salud Pública 
650 |a Asistencia Económical 
650 |a Cooperación Internacional -  |x Aspectos Eticos 
650 |a Organizaciones Internacionales 
650 |a Desarrollo Económico-Social 
650 |a Diferencia y Otredad 
650 |a Aculturación 
650 |a Sistema Escolar 
650 |a Rezago Educativo 
650 |a Educación Formal 
650 |a Educación No Formal e Informal 
650 |a Sacerdocio 
650 |a Soltería 
650 |a Iglesia Católica -  |x Disciplina 
650 |a Cambios Sociales y Culturales 
650 |a Educación y Salud 
650 |a Etica y Religión 
650 |a Ideología 
650 |a Educación y Sociedad 
650 |a Iglesia y Educación 
650 |a Colonialismo 
650 |a Ideología 
650 |a Desarrollo Económico-Social 
650 |a Sociedad Industrial 
650 |a Humanismo 
650 |a Sociología de la Educación 
650 |a Sociología Política 
700 |a Fromm, Erich  |e (introducción) 
910 |a Fondo General 
920 |a Impresos - Libros 
930 |a Colección General 
905 |a 101 
901 |a 0500123103  |b IT1  |c ACC  |u 20250521 
901 |a 0500124460  |b IT1  |c ACC  |u 20250521 
901 |a 0500124558  |b IT1  |c ACC  |u 20250521 
902 |a https://opac.biblio.iteso.mx/vufind/Record/000182887